000
00305nam a22001337a 4500
008
181106b xxu||||| |||| 00| 0 eng d
020
_a
0433233001
041
_a
eng
080
_2
3rd
_a
617
100
_a
5
101
_a
KIR
245
_a
The Essentials of Paediatric Surgery
_c
Nixon,H
942
_2
udc
_c
BK
999
_c
51938
_d
51938